000 00316nam a22001457a 4500
003 SGT
082 _a612
_bP95S
100 _aSALISBURY, FRANK.B.
245 _aPLANT PHYSIOLOGY
260 _aDELHI
_bCBS PUB
_c1995
300 _a540
650 _aPLANT PHYSIOLOGY
653 _aPLANT, PHYSIOLOGY
942 _2ddc
_cRARE
999 _c24145
_d24145